Ehl-i Beyt ışığı (Record no. 4309)

MARC details
000 -BAŞLIK
Sabit Uzunlukta Kontrol Alanı 00796na a2200241 4500
001 - KONTROL NUMARASI
Denetim Alanı 12814
003 - KONTROL NUMARASI IDENTIFIER
Denetim Alanı MIRAKIL
005 - SON İŞLEM TARİHİ VE ZAMANI
Denetim Alanı 20181213155001.0
008 - SABİT-BOY VERİ ELEMANLARI - GENEL BİLGİLER
Sabit Uzunlukta Kontrol Alanı 160922b tu 000 0
035 ## - SİSTEM KONTROL NUMARASI
Sistem Kontrol Numarası 12814
040 ## - KATALOGLAMA KAYNAK
Orijinal Kataloglama Ajansı Milas
Kataloglama Dili tur
Metne Dönüştürmek Ajansı TR-AnCHP
082 ## - DEWEY ONLU SINIFLANDIRMA NUMARASI
Sınıflandırma Numarası 297.64
Ürün Numarası E34i 2001
090 ## - SINIFLAMA NUMARASI
Sınıflama Numarası 297.6 E34i 2001
245 ## - BAŞLIK TABLOSU
Başlık Ehl-i Beyt ışığı
Başlığın Kalan 1300 yılın sonunda gerçekleşen tarihi kucaklaşma
Sorumluluk Tablosu, Vb yay. haz. Selahattin Ayyıldız, Mehtap Ayyıldız
246 ## - UNVAN FORM VARYING
Başlık Doğru / Kısa Başlığı 1300 yılın sonunda gerçekleşen tarihi kucaklaşma
260 ## - YAYIN, DAĞITIM, VB
Yayın, Dağıtım, Vb Yeri İstanbul
Yayıncı, Dağıtıcı, Vs Adı Buyruk medya basın yayıncılık
Yayın, Dağıtım, Vb Tarihi 2001
300 ## - FİZİKSEL TANIM
Kapsam 320 s.
Diğer Fiziksel Ayrıntıları fotğ.
Boyutlar 24 sm.
650 ## - KONU KATMA GİRİŞ - TOPİKAL DÖNEM
Topikal Süreli Veya Coğrafi Ad Giriş Elemanı Bektaşilik
Genel Alt Bölümü Toplantılar
650 ## - KONU KATMA GİRİŞ - TOPİKAL DÖNEM
Topikal Süreli Veya Coğrafi Ad Giriş Elemanı Alevilik
Genel Alt Bölümü Ehli Beyt
700 ## - KATMA GİRİŞ - KİŞİSEL İSİM
Kişisel Ad Ayyıldız, Mehtap
700 ## - KATMA GİRİŞ - KİŞİSEL İSİM
Kişisel Ad Ayyıldız, Selahattin
942 ## - EKLENDİ GİRİŞ ELEMANLARI (KOHA)
Sınıflandırma Veya Raf Düzeni Kaynak Dewey Decimal Classification
Koha Öğesi Türü Books
999 ## - SİSTEM KONTROL NUMARALARI (KOHA)
Koha Biblionumber 4309
Koha Biblioitemnumber 4309
Holdings
Kalıcı Konum Mevcut Konum Edinme Tarihi Edinim Kaynak Toplam Check-Out'Lar Tam Çağrı Numarası Barkod Tarih Son Görülme İtibaren Geçerli Fiyatlar Koha Öğesi Türü
CHP Kütüphanesi CHP Kütüphanesi 08/02/2016 Bağış   297.6 E34i 2001 000459 08/02/2016 08/02/2016 Books